Statistics for U. S. States Between Senegal and Uganda

Click here to take the quiz!

General Stats

  • This quiz has been taken 23 times
  • The average score is 4 of 6

Answer Stats

Area (km2 / mi2)State% Correct
199,729 / 77,115.68South Dakota
81%
216,443 / 83,568.95Idaho
71%
213,100 / 82,278.36Kansas
71%
200,330 / 77,347.81Nebraska
71%
225,163 / 86,935.83Minnesota
62%
219,882 / 84,896.88Utah
62%

Score Distribution

Percentile by Number Answered

Percent of People with Each Score

Your Score History

You have not taken this quiz